000
00406nam a2200145Ia 4500
008
100204s9999 xx 000 0 und d
082
_b
13320
100
_a
पठाण इतबारखां
245
_a
तहान
260
_b
"चेतश्री प्रकाशन , अमळनेर"
_c
1990
300
_a
51
630
_a
तहान
730
_a
तहान
942
_c
BOOK
999
_c
457752
_d
457749